[Event "POL-ch U10"]
[Site "Jastrzebia Gora"]
[Date "2022.03.16"]
[Round "9"]
[White "Boncela, Milosz"]
[Black "Nowatkiewicz, Piotr"]
[Result "1-0"]
[WhiteElo "1116"]
[BlackElo "1207"]
[PlyCount "121"]
[EventDate "2022.03.08"]
[EventType "swiss"]
[EventRounds "9"]
[EventCountry "POL"]
[SourceTitle "EXT 2023"]
[Source "ChessBase"]
[SourceDate "2022.10.05"]
[SourceVersion "1"]
[SourceVersionDate "2022.10.05"]
[SourceQuality "1"]

1. e4 e5 2. Nf3 Nf6 3. Nxe5 d6 4. Nf3 Nxe4 5. d4 Nf6 6. Bd3 Nc6 7. 0-0 Bg4 8. h3 Bh5 9. c3 Be7 10. Bf4 Qd7 11. Nbd2 h6 12. Re1 g5 13. Bg3 g4 14. hxg4 Bxg4 15. Qc2 h5 16. Bh4 Kf8 17. Ng5 Kg7 18. Be2 Bxe2 19. Rxe2 Qg4 20. Ndf3 Nd5 21. g3 Bxg5 22. Nxg5 Rh6 23. Qe4 Qxe4 24. Rxe4 Nf6 25. Re2 Re8 26. Rae1 Rhh8 27. Ne4 Nxe4 28. Rxe4 Rxe4 29. Rxe4 Rh6 30. Kg2 Re6 31. Kf3 d5 32. Rxe6 fxe6 33. Kf4 Kg6 34. f3 Kh6 35. Bf6 Kg6 36. Be5 Nxe5 37. Kxe5 Kf7 38. f4 b6 39. f5 exf5 40. Kxf5 a5 41. Kg5 c5 42. a4 cxd4 43. cxd4 Kg7 44. Kxh5 Kh7 45. Kg5 Kg7 46. Kf5 Kf7 47. Ke5 Ke7 48. g4 b5 49. axb5 a4 50. Kxd5 a3 51. bxa3 Kd7 52. g5 Ke7 53. b6 Kd7 54. g6 Kc8 55. g7 Kb7 56. g8Q Ka6 57. Qb8 Ka5 58. b7 Kb5 59. Qe8+ Ka5 60. b8Q Ka6 61. Qeb5# 1-0